000 00367nam a2200097Ia 4500
008 180130s9999 xx 000 0 und d
245 _cSudak, Donna M.
_aCBT in psychiatry residency training
260 _c2016
300 _aBook title: Teaching and supervising cognitive behavioral therapy--Acession number C20879; pages 145-158
650 _aCOGNITIVE BEHAVIORAL THERAPY
999 _c353975
_d353975